000 01461nam a2200253Ia 4500
003 Ost
005 20260507075058.0
008 260507s9999||||xx |||||||||||||| ||und||
020 _a7142282977
040 _cfsecg
041 _aara
082 _a330
100 _aشبيجل، موراي
_eمؤلف
245 0 _aالإحتمالات والإحصاء /
_c موراي شبيجل
260 _aالقاهرة:
_bالدار الدولية للإستثمارات الثقافية,
_c2004
300 _a164 صفحة؛
_bإيضاحات ؛
_c22 سم
490 _aملخصات شوم إيزي
504 _aكشاف المصطلحات ص.161-164
520 _aأساس الاحتمال، الإحصاء الوصفي، المتغيرات العشوائية المنفصلة،المتغيرات العشوائية المستمرة، أمثلة على المتغيرات العشوائية،نظرية المعاينة، نظرية التقدير،اختبارات الفروض والمعنوية،تمهيد المنحنيات والإنحدار والإرتباط، توزيعات احتمالية أخرى
653 _aالإحتمالات
653 _aالإحصاء - المعاملات الإرتباطية
700 _aشيلر، جون
_eمؤلف ثانوي
942 _cكتاب
999 _c42757
_d42757